El color de la victoria / (Record no. 1517)
[ view plain ]
| 000 -CABECERA | |
|---|---|
| campo de control de longitud fija | 00717cam a2200205 a 4500 |
| 001 - NÚMERO DE CONTROL | |
| campo de control | 000001626 |
| 005 - FECHA Y HORA DE LA ÚLTIMA TRANSACCIÓN | |
| campo de control | 20200929145636.0 |
| 008 - DATOS DE LONGITUD FIJA--INFORMACIÓN GENERAL | |
| campo de control de longitud fija | 920423s1990 cu a b 000 0cspa c |
| 040 ## - FUENTE DE LA CATALOGACIÓN | |
| Centro catalogador/agencia de origen | DO-SdBNP |
| Centro/agencia transcriptor | TxU |
| Centro/agencia modificador | DLC |
| 082 ## - NÚMERO DE LA CLASIFICACIÓN DECIMAL DEWEY | |
| Número de clasificación | 972.91063 |
| Número de documento/Ítem | C719v |
| 245 03 - MENCIÓN DE TÍTULO | |
| Título | El color de la victoria / |
| Mención de responsabilidad, etc. | edición de Yolanda Mirabal Reyes. |
| 260 ## - PUBLICACIÓN, DISTRIBUCIÓN, ETC. | |
| Lugar de publicación, distribución, etc. | La Habana : |
| Nombre del editor, distribuidor, etc. | Abril, |
| Fecha de publicación, distribución, etc. | 1990. |
| 300 ## - DESCRIPCIÓN FÍSICA | |
| Extensión | 214 p. : |
| Otras características físicas | il. ; |
| Dimensiones | 16 cm. |
| 651 #4 - PUNTO DE ACCESO ADICIONAL DE MATERIA--NOMBRE GEOGRÁFICO | |
| Nombre geográfico | Cuba |
| Subdivisión general | Historia |
| Subdivisión cronológica | ASALTO AL CUARTEL MONCADA, 1953 |
| Subdivisión de forma | BIOGRAFÍA |
| 9 (RLIN) | 5316 |
| 651 #4 - PUNTO DE ACCESO ADICIONAL DE MATERIA--NOMBRE GEOGRÁFICO | |
| Nombre geográfico | Cuba |
| Subdivisión general | Historia |
| Subdivisión cronológica | LUCHA DE LA REVOLUCIÓN, 1953 |
| Subdivisión de forma | BIOGRAFÍA |
| 9 (RLIN) | 5317 |
| 651 #4 - PUNTO DE ACCESO ADICIONAL DE MATERIA--NOMBRE GEOGRÁFICO | |
| Nombre geográfico | Habana (Cuba{Rpara} |
| Subdivisión de forma | BIOGRAFÍA |
| 9 (RLIN) | 5318 |
| 700 1# - PUNTO DE ACCESO ADICIONAL--NOMBRE DE PERSONA | |
| Nombre de persona | Mirabal Reyes, Yolanda, |
| Término indicativo de función/relación | ed. |
| 9 (RLIN) | 5319 |
| 910 ## - DATOS DE OPCIÓN DEL USUARIO (OCLC) | |
| Datos de opción del usuario | Catalogación por copia / LC |
| 910 ## - DATOS DE OPCIÓN DEL USUARIO (OCLC) | |
| Datos de opción del usuario | WM |
| Estado de retiro | Estado de pérdida | Restricciones de uso | No para préstamo | Código de colección | Localización permanente | Ubicación/localización actual | Ubicación en estantería | Fecha de adquisición | Número de inventario | Total de préstamos | Signatura topográfica completa | Código de barras | Fecha visto por última vez | Precio válido a partir de | Tipo de ítem Koha |
|---|---|---|---|---|---|---|---|---|---|---|---|---|---|---|---|
| Préstamo interno | Monografías: Libros y Folletos | General | General | Depósito | 22.09.2009 | LF1 | 972.91063 C719v | 1626-10 | 25.06.2020 | 25.06.2020 | Préstamo interno |
